000 00525nam a2200181 4500
001 121295
003 ES-MaACL
005 20250605154046.0
007 t|
008 070214s1959 sp r ||||1| spa d
100 1 _aPriestley, J. B.
_993870
245 1 0 _aDía radiante /
_cJ. B. Priestley ; versión de Eduardo Guzmán.
260 _aBarcelona :
_bCisne,
_c1959.
300 _a287 p. ;
_c18 cm.
700 1 _aGuzmán, Eduardo de,
_d1908-1991
_961283
852 _aES-MaACL
_jC-17526
_bR.44476
999 _c121295
_d121295